000 01647nam0a22002531 4500
001 rc\4716107
005 20250612162141.0
021 _aRU
_b[69-369]
035 _a(NLR Aleph) 008727143
090 _a9454281
_c9454281
100 _a20130416d1968 |||y0rusy50 ca
101 0 _arus
102 _aRU
105 _ay z |||||
200 1 _aТезисы докладов
_fЛенингр. обл. правл. НТО строит. индустрии. Секция капит. ремонта и реконструкции зданий. Упр. капит. ремонта исполкома Ленгорсовета. Нормативно-исслед. станция. Ленингр. науч.-техн. конференция "Пути и перспективы дальнейшего развития техн. прогресса в системе управления капит. ремонта зданий". 21 окт. 1968 г.
210 _aЛенинград
_cБ. и.
_d1968
215 _a39 с.
_d20
606 _aГражданские здания
_xКапитальный ремонт
_xВнедрение передовой технологии и техники
_jТезисы докладов
_2psbo
710 1 2 _a"Пути и перспективы дальнейшего развития технического прогресса в системе управления капитального ремонта зданий", ленинградская научно-техническая конференция. (1968)
801 0 _aRU
_bNLR
_gpsbo
801 1 _aRU
_bELAR
_2rusmarc
852 _aNLR
_j69-4/3232
942 _cBOOK
980 _aNB